Central Library OPAC University of Rajshahi

Calcutta : story of its government / (Record no. 5822)

MARC details
000 -LEADER
fixed length control field 00936cam a2200277 4500
001 - CONTROL NUMBER
control field 5822
003 - CONTROL NUMBER IDENTIFIER
rucl marc code BD-RjUL
005 - DATE AND TIME OF LATEST TRANSACTION
control field 20211208234133.0
008 - FIXED-LENGTH DATA ELEMENTS--GENERAL INFORMATION
fixed length control field 140107s1973 ii b 001 0 eng
035 ## - SYSTEM CONTROL NUMBER
System control number (BD-RjUL)5861
040 ## - CATALOGING SOURCE
Original cataloging agency DLC
Transcribing agency DLC
Modifying agency DLC
-- BD-RjUL
Language of cataloging eng
041 ## - LANGUAGE CODE
Language code of text/sound track or separate title eng
082 00 - DEWEY DECIMAL CLASSIFICATION NUMBER
Classification number 320.95414
Author mark and year CHC 1973
100 1# - MAIN ENTRY--PERSONAL NAME
Personal name Choudhuri, Keshab.
9 (RLIN) 18298
245 10 - TITLE STATEMENT
Title Calcutta : story of its government /
Statement of responsibility, etc. Keshab Choudhuri.
260 ## - PUBLICATION, DISTRIBUTION, ETC. (IMPRINT)
Place of publication, distribution, etc. Bombay :
Name of publisher, distributor, etc. Orient Longman,
Date of publication, distribution, etc. 1973.
300 ## - PHYSICAL DESCRIPTION
Pagination 378 p. ;
Size 22 cm.
350 ## - PRICE (NR) (BK AM CF MU VM SE) [OBSOLETE]
Price Rs25.00
500 ## - GENERAL NOTE
General note Originally presented as the author's thesis, University of Calcutta, 1969, under the title: The machinery of Calcutta Corporation administration; a study in its evolution.
504 ## - BIBLIOGRAPHY, ETC. NOTE
Bibliography, etc Bibliography: p. [338]-358.
Bibliography, etc Includes index.
651 #0 - SUBJECT ADDED ENTRY--GEOGRAPHIC NAME
Geographic name Kolkata (India)
General subdivision Politics and government.
9 (RLIN) 18299
942 ## - ADDED ENTRY ELEMENTS (KOHA)
Source of classification or shelving scheme Dewey Decimal Classification
Koha item type Books
Holdings
Lost status Source of classification or shelving scheme Damaged status Not for loan Collection code Permanent Location Current Location Shelving location Date acquired Source of acquisition Cost, normal purchase price Total Checkouts Full call number Date last seen Copy number Koha item type
  Dewey Decimal Classification   Not For Loan Non-fiction Central Library, University of Rajshahi Central Library, University of Rajshahi   07/06/1976 K.P. Bagchi 25.00   320.95414 CHC 1973 07/01/2014 C-1 Books